<?xml version="1.0" encoding="UTF-8"?>
<record
    xmlns:xsi="http://www.w3.org/2001/XMLSchema-instance"
    xsi:schemaLocation="http://www.loc.gov/MARC21/slim http://www.loc.gov/standards/marcxml/schema/MARC21slim.xsd"
    xmlns="http://www.loc.gov/MARC21/slim">

  <leader>00999nam0a2200301   4500</leader>
  <controlfield tag="001">RU\NLR\ONL2\21982</controlfield>
  <controlfield tag="005">20250613132320.0</controlfield>
  <datafield tag="010" ind1=" " ind2=" ">
    <subfield code="a">978-5-7696-3626-4</subfield>
    <subfield code="9">10000</subfield>
  </datafield>
  <datafield tag="035" ind1=" " ind2=" ">
    <subfield code="a">(NLR Aleph) 009669566</subfield>
  </datafield>
  <datafield tag="090" ind1=" " ind2=" ">
    <subfield code="a">9654267</subfield>
    <subfield code="c">9654267</subfield>
  </datafield>
  <datafield tag="100" ind1=" " ind2=" ">
    <subfield code="a">20120125d2011    |||y0rusy50      ca</subfield>
  </datafield>
  <datafield tag="101" ind1="0" ind2=" ">
    <subfield code="a">sah</subfield>
  </datafield>
  <datafield tag="102" ind1=" " ind2=" ">
    <subfield code="a">RU</subfield>
  </datafield>
  <datafield tag="105" ind1=" " ind2=" ">
    <subfield code="a">a |||||||||</subfield>
  </datafield>
  <datafield tag="200" ind1="1" ind2=" ">
    <subfield code="a">&#x422;&#x430;&#x430;&#x439;&#x442;&#x430;&#x440;&#x44B;&#x44B;&#x43B;&#x430;&#x430;&#x445; &#x442;&#x430;&#x43D;&#x445;&#x430;</subfield>
    <subfield code="f">[&#x445;&#x43E;&#x43C;&#x443;&#x439;&#x430;&#x43D; &#x43E;&#x43D;&#x43E;&#x440;&#x434;&#x443;&#x43B;&#x430;&#x440; &#x412;. &#x418;. &#x411;&#x43E;&#x447;&#x43E;&#x43D;&#x438;&#x43D;&#x430;, &#x422;. &#x41C;. &#x41D;&#x43E;&#x445;&#x441;&#x43E;&#x440;&#x43E;&#x432;&#x430;]</subfield>
  </datafield>
  <datafield tag="210" ind1=" " ind2=" ">
    <subfield code="a">&#x414;&#x44C;&#x43E;&#x43A;&#x443;&#x443;&#x441;&#x43A;&#x430;&#x439;</subfield>
    <subfield code="c">&#x411;&#x438;&#x447;&#x438;&#x43A;</subfield>
    <subfield code="d">2011</subfield>
  </datafield>
  <datafield tag="215" ind1=" " ind2=" ">
    <subfield code="a">155 &#x441;.</subfield>
    <subfield code="c">&#x438;&#x43B;.</subfield>
    <subfield code="d">14</subfield>
  </datafield>
  <datafield tag="541" ind1="1" ind2=" ">
    <subfield code="a">&#x413;&#x430;&#x434;&#x430;&#x43D;&#x438;&#x44F; &#x442;&#x430;&#x43D;&#x445;&#x430;</subfield>
    <subfield code="z">rus</subfield>
  </datafield>
  <datafield tag="606" ind1="0" ind2=" ">
    <subfield code="a">&#x413;&#x430;&#x434;&#x430;&#x43D;&#x438;&#x44F; &#x44F;&#x43A;&#x443;&#x442;&#x441;&#x43A;&#x438;&#x435;</subfield>
    <subfield code="9">2176470</subfield>
    <subfield code="3">RU\NLR\auth-onl\66544</subfield>
  </datafield>
  <datafield tag="686" ind1="1" ind2=" ">
    <subfield code="a">&#x42D;391.9</subfield>
  </datafield>
  <datafield tag="702" ind1=" " ind2="1">
    <subfield code="a">&#x411;&#x43E;&#x447;&#x43E;&#x43D;&#x438;&#x43D;&#x430;</subfield>
    <subfield code="b">&#x412;. &#x418;.</subfield>
    <subfield code="g">&#x412;&#x430;&#x43B;&#x435;&#x43D;&#x442;&#x438;&#x43D;&#x430; &#x418;&#x432;&#x430;&#x43D;&#x43E;&#x432;&#x43D;&#x430;</subfield>
    <subfield code="4">220</subfield>
  </datafield>
  <datafield tag="801" ind1=" " ind2="0">
    <subfield code="a">RU</subfield>
    <subfield code="b">NLR</subfield>
    <subfield code="c">20120125</subfield>
    <subfield code="g">PSBO</subfield>
  </datafield>
  <datafield tag="852" ind1=" " ind2=" ">
    <subfield code="a">NLR</subfield>
    <subfield code="b">&#x41E;&#x41D;&#x41B;</subfield>
    <subfield code="j">&#x42F;&#x43A;&#x443;&#x442;./1-465</subfield>
  </datafield>
  <datafield tag="942" ind1=" " ind2=" ">
    <subfield code="c">BOOK</subfield>
  </datafield>
  <datafield tag="980" ind1=" " ind2=" ">
    <subfield code="a">NB</subfield>
  </datafield>
  <datafield tag="980" ind1=" " ind2=" ">
    <subfield code="a">ONL_RF</subfield>
  </datafield>
  <datafield tag="995" ind1=" " ind2=" ">
    <subfield code="5">2013-10-26</subfield>
    <subfield code="b">NLR01</subfield>
    <subfield code="c">NLR01</subfield>
    <subfield code="e">ONL</subfield>
    <subfield code="f">9669566-10</subfield>
    <subfield code="k">&#x42F;&#x43A;&#x443;&#x442;./1-465</subfield>
    <subfield code="o">0</subfield>
    <subfield code="r">BOOK</subfield>
    <subfield code="s">1465_</subfield>
  </datafield>
</record>
